Logo BPK

Biblioteka

Politechniki Koszalińskiej

Rachunkowość od podstaw z uwzględnieniem postanowień znowelizowanej ustawy o rachunkowości / (Rekord nr 52445)

Szczegóły MARC
000 -ETYKIETA REKORDU
podpole kontrolne o stałej długości 00928nam a2200265 i 4500
001 - NUMER KONTROLNY REKORDU
pole kontrolne bg
020 ## - MIĘDZYNARODOWY ZNORMALIZOWANY NUMER KSIĄŻKI - ISBN
ISBN 8386226544
040 ## - ŹRÓDŁO KATALOGOWANIA
Instytucja, która utworzyła rekord BPK
041 0# - KOD JĘZYKA
Kod języka tekstu pol
080 ## - UNIWERSALNA KLASYFIKACJA DZIESIĘTNA - UKD
UKD 657(07)
920 ## - Międzynarodowy znormalizowany numer książki – ISBN
ISBN 83-86226-54-4
008 - POLE O STAŁEJ DŁUGOŚCI - DANE KONTROLNE
podpole kontrolne o stałej długości s pl f |000 0 pol
100 1# - NAZWA OSOBOWA
Nazwa osobowa Matuszewicz, Jan.
245 10 - TYTUŁ/ODPOWIEDZIALNOŚĆ
Tytuł Rachunkowość od podstaw z uwzględnieniem postanowień znowelizowanej ustawy o rachunkowości /
Pozostałe elementy strefy tytułu i oznaczenia odpowiedzialności Jan Matuszewicz, Piotr Matuszewicz ; "Finans-Servis" Zespół Doradców Finansowo-Księgowych.
246 18 - WARIANT TYTUŁU
Tytuł Rachunkowość od podstaw
250 ## - STREFA WYDANIA
Oznaczenie wydania Stan prawny na 1 stycznia 2001 r.
260 ## - STREFA ADRESU WYDAWNICZEGO
Miejsce wydania Warszawa :
Nazwa wydawcy/dystrybutora "Finans-Servis",
Data publikacji, dystrybucji/powstania dokumentu 2003.
300 ## - STREFA OPISU FIZYCZNEGO
Objętość 439 s. :
Inne cechy fizyczne il. ;
Rozmiary 24 cm.
500 ## - UWAGI OGÓLNE
Tekst uwagi Tyt. grzbiet.: Rachunkowość od podstaw.
650 #9 - HASŁO PRZEDMIOTOWE W FORMIE NAZWY OGÓLNEJ LUB JEDNOSTKOWEJ
Nazwa ogólna lub geograficzna Rachunkowość
655 ## - TERMIN INDEKSOWY - OKREŚLENIE RODZAJU/FORMY DOKUMENTU
Określenie rodzaju/formy dokumentu Podręczniki
700 1# - HASŁO DODATKOWE - NAZWA OSOBOWA
Nazwa osobowa MATUSZEWICZ, Piotr
710 #0 - HASŁO DODATKOWE - NAZWA CIAŁA ZBIOROWEGO
Nazwa ciała zbiorowego lub jednostki geograficznej Zespół Doradców Finansowo-Księgowych "Finans-Servis" (Warszawa)
856 ## - LOKALIZACJA I DOSTĘP DO ELEKTRONICZNYCH DOKUMENTÓW ZDALNYCH
Link (URL) http://koha.tu.koszalin.pl/cgi-bin/koha/opac-detail.pl?biblionumber=52445
Tekst linku Katalog online BPK
942 ## - DODATKOWE ELEMENTY (KOHA)
Typ dokumentu Książka
Egzemplarze
Wycofany Status egzemplarza Uszkodzony Dostępność Lokalizacja stała Lokalizacja bieżąca Miejsce przechowywania Sygnatura Kod kreskowy Typ dokumentu
      Dostępny Biblioteka Politechniki Koszalińskiej Biblioteka Politechniki Koszalińskiej Wypożyczalnia BG 80827 02331522 Książka
© 2023 Biblioteka Politechniki Koszalińskiej :: KOHA